Pokemon that contain the letter X - Statistics

General Stats
  • This quiz has been taken 216 times
  • The average score is 31 of 39
Answer Stats
Generation Type Pokemon % Correct
V Dragon Axew
92%
I Ice/Psychic Jynx
92%
II Psychic/Flying Xatu
90%
V Dragon Haxorus
89%
V Dragon Fraxure
88%
I Rock/Ground Onix
88%
I Grass/Psychic Exeggcute
87%
II Steel/Ground Steelix
87%
VI Fairy Xerneas
87%
IX Dragon/Ice Baxcalibur
86%
I Grass/Psychic Exeggutor
86%
IX Dragon/Ice Arctibax
84%
V Ground/Steel Excadrill
83%
IV Electric Luxray
83%
VII Poison/Water Toxapex
83%
IV Poison/Fighting Toxicroak
83%
IX Dragon/Ice Frigibax
82%
IV Electric Luxio
82%
VII Electric Xurkitree
82%
VI Fire/Psychic Delphox
81%
IV Electric Shinx
81%
IX Bug/Dark Lokix
79%
I Normal Snorlax
79%
VIII Electric/Poison Toxel
79%
VIII Electric/Poison Toxtricity
79%
I Fire Vulpix
79%
VI Fire Braixen
78%
IV Normal Munchlax
78%
V Ice Vanilluxe
78%
III Bug/Poison Dustox
76%
VII Grass/Flying Dartrix
75%
III Psychic Deoxys
75%
VII Water/Psychic Bruxish
74%
VI Fairy Swirlix
74%
VIII Psychic/Grass Calyrex
70%
IX Water Quaxly
70%
IX Water Quaxwell
70%
III Normal Exploud
68%
IV Psychic Uxie
68%
No matching quizzes found
Score Distribution
Percent of People with Each Score
Percentile by Number Answered
Your Score History
You have not taken this quiz